Thực tập hoá học hữu cơ
Các thao tác và kĩ thuật cơ bản trong phòng thí nghiệm hoá, hữu cơ, các phương pháp chưng cất và tinh chế chất hữu cơ, các phản ứng tổng hợp hữu cơ, phân tích định tính các hợp chất hữu cơ
Gorde:
| Beste egile batzuk: | , , , |
|---|---|
| Formatua: | Liburua |
| Hizkuntza: | Vietnamese |
| Argitaratua: |
H.
Đại học Quốc gia Hà Nội
2001
|
| Gaiak: | |
| Etiketak: |
Etiketa erantsi
Etiketarik gabe, Izan zaitez lehena erregistro honi etiketa jartzen!
|
| Thư viện lưu trữ: | Mạng thư viện Đại học Đà Nẵng |
|---|
| LEADER | 01595nam a22003978a 4500 | ||
|---|---|---|---|
| 001 | 000008403 | ||
| 003 | 4591 | ||
| 005 | 20120313140324.0 | ||
| 008 | 111017s2001 b 000 0 vieod | ||
| 020 | |c 21800đ |d 1000b | ||
| 041 | 0 | |a vie | |
| 080 | |a 547(075.3) | ||
| 082 | |a 547 |b Thưc | ||
| 084 | |a D22z73 |b TH000ự | ||
| 245 | 1 | 0 | |a Thực tập hoá học hữu cơ |c Ngô Thị Thuận (ch.b), Nguyễn Văn Thảo, Văn Ngọc Hướng.. |
| 260 | |a H. |b Đại học Quốc gia Hà Nội |c 2001 | ||
| 300 | |a 320 tr |c 27 cm | ||
| 520 | |a Các thao tác và kĩ thuật cơ bản trong phòng thí nghiệm hoá, hữu cơ, các phương pháp chưng cất và tinh chế chất hữu cơ, các phản ứng tổng hợp hữu cơ, phân tích định tính các hợp chất hữu cơ | ||
| 653 | |a Giáo trình | ||
| 653 | |a Hoá học hữu cơ | ||
| 653 | |a Phản ứng hoá học | ||
| 700 | 1 | |a Nguyễn Văn Thảo |e Tác giả | |
| 700 | 1 | |a Nguyễn Thị Huệ |e Tác giả | |
| 700 | 1 | |a Nguyễn Hữu Định |e Tác giả | |
| 700 | 1 | |a Văn Ngọc Hướng |e Tác giả | |
| 910 | |a Nguyễn Thị Kim Oanh |d 17/10/2011 | ||
| OWN | |a LSP | ||
| AVA | |a UDN50 |b LSP |d 547 Thưc |e available |t Error 5001 Not defined in file expand_doc_bib_avail. |f 10 |g 1 |h N |i 0 |k 1 | ||
| 999 | |a From the UDN01 | ||
| AVA | |a UDN50 |b LSP |d 547 Thưc |e available |t Error 5001 Not defined in file expand_doc_bib_avail. |f 10 |g 1 |h N |i 0 |k 1 | ||
| TYP | |a Monograph | ||
| TYP | |a Printed language | ||
| 980 | |a Mạng thư viện Đại học Đà Nẵng | ||